000 00906nam a22002417a 4500
005 20240530110607.0
008 161108s2015 ua a g b 000 0 ara d
017 _a2013/15397
_bمصر. دار الكتب
020 _a9789770528532
040 _aEG-CaGPL
_cEG-CaGPL
082 0 4 _221
_a616.855\
_bهـ ا
100 0 _aهلا السعيد
245 1 0 _aاضطرابات التواصل اللغوى التشخيص والعلاج :
_bدليل الاباء والمتخصصين /
_cهلا السعيد
250 _aط.1
260 _aالقاهره :
_bمكتبة الانجلو المصرية
_c2014
300 _a433 ص. :
_bجداول ؛
_c24 سم.
504 _aببليوجرافية : ص 427 ص- 434
650 0 7 _2qrmak
_aالتعلثم
650 0 7 _2qrmak
_aالنطق
_xعيوب
650 0 7 _2qrmak
_aالاطفال
_xلغه
942 _2ddc
_cBK
999 _c62779
_d62779